| 000 | 00793cam a22002533a 4500 | ||
|---|---|---|---|
| 001 | 18670 | ||
| 003 | PGUSA | ||
| 005 | 20140828083410.0 | ||
| 008 | 060623s2006||||xxu|||||s|||||000 | eng d | ||
| 040 |
_aPGUSA _beng |
||
| 042 | _adc | ||
| 050 | 4 | _aDH | |
| 100 | 1 |
_aOmond, George W. T. _q(George William Thomson), _d1846-1929 |
|
| 245 | 1 | 0 |
_aBruges and West Flanders _h[electronic resource] / _cGeorge W. T. Omond |
| 260 |
_bProject Gutenberg, _c2006 |
||
| 506 | _aPublic domain in the USA. | ||
| 516 | _aElectronic text | ||
| 653 | _aFlanders -- Description and travel | ||
| 653 | _aBruges (Belgium) -- Description and travel | ||
| 700 | 1 |
_aForestier, A. _q(Amédée), _d1854-1930 |
|
| 830 | 0 |
_aProject Gutenberg _v18670 |
|
| 856 | 4 | 0 | _uhttp://www.gutenberg.org/ebooks/18670 |
| 942 | _cEB | ||
| 999 |
_c247925 _d247925 |
||